[Event "Sousse Sahel op"]
[Site "Sousse"]
[Date "2019.04.23"]
[Round "7"]
[White "Chamam, Nazih"]
[Black "Ismail, Hassen"]
[Result "1-0"]
[WhiteElo "2059"]
[BlackElo "2012"]
[PlyCount "99"]
[EventDate "2019.04.19"]
[EventType "swiss"]
[EventRounds "9"]
[EventCountry "TUN"]
[SourceTitle "CBM 190 Extra"]
[Source "ChessBase"]
[SourceDate "2019.07.15"]
[SourceVersion "1"]
[SourceVersionDate "2019.07.15"]
[SourceQuality "1"]

1. d4 Nf6 2. Bg5 d5 3. Bxf6 exf6 4. e3 Be6 5. Nd2 c5 6. c3 Bd6 7. Ngf3 0-0 8. Bd3 Nc6 9. h3 Qe7 10. 0-0 f5 11. Re1 c4 12. Bf1 Bd7 13. g3 Rfe8 14. Nh4 g5 15. Ng2 f6 16. Be2 Nd8 17. b3 b5 18. a4 b4 19. bxc4 bxc3 20. Nb1 Rc8 21. c5 Bxc5 22. dxc5 Rxc5 23. Na3 Nc6 24. Nc2 Na5 25. Nd4 Rec8 26. Qc2 Nc6 27. Rab1 a5 28. Nxc6 Bxc6 29. Bd3 Qe8 30. Bxf5 Bxa4 31. Be6+ Qxe6 32. Qxa4 Qxh3 33. Rb5 Qe6 34. Qxa5 Qc6 35. Rxc5 Qxc5 36. Qxc5 Rxc5 37. Kf1 Kf7 38. Ke2 Ra5 39. Rc1 Ra2+ 40. Kf1 Ra3 41. Rc2 Ra1+ 42. Ne1 Ra3 43. Ke2 h5 44. Nf3 Ke6 45. Nd4+ Ke5 46. Kd3 f5 47. f4+ Kf6 48. Nf3 gxf4 49. gxf4 Ra1 50. Rxc3 1-0

[Event "Sousse Sahel op"]
[Site "Sousse"]
[Date "2019.04.23"]
[Round "8"]
[White "Ismail, Hassen"]
[Black "Zaydia, Marwen"]
[Result "0-1"]
[WhiteElo "2012"]
[BlackElo "1863"]
[PlyCount "56"]
[EventDate "2019.04.19"]
[EventType "swiss"]
[EventRounds "9"]
[EventCountry "TUN"]
[SourceTitle "CBM 190 Extra"]
[Source "ChessBase"]
[SourceDate "2019.07.15"]
[SourceVersion "1"]
[SourceVersionDate "2019.07.15"]
[SourceQuality "1"]

1. e4 e5 2. Bc4 Nf6 3. d3 Nc6 4. Nf3 Bc5 5. Nc3 a6 6. Be3 d6 7. h3 0-0 8. Bg5 Be6 9. Bd5 h6 10. Bh4 Bb4 11. a3 Bxc3+ 12. bxc3 Bxd5 13. exd5 Nb8 14. c4 Re8 15. 0-0 Nbd7 16. Nd2 g5 17. Bg3 Nf8 18. h4 Ng6 19. hxg5 hxg5 20. Rb1 b6 21. Re1 Kg7 22. f3 Rh8 23. Kf2 Nh5 24. Bh2 g4 25. Rh1 g3+ 26. Bxg3 Nxg3 27. Kxg3 Rxh1 28. Qxh1 Qg5+ 0-1

[Event "Hammam Sousse Sahel Blitz op"]
[Site "Hammam Sousse"]
[Date "2019.04.21"]
[Round "3.2"]
[White "Barbaria, Yacine"]
[Black "Ismail, Hassen"]
[Result "1-0"]
[WhiteElo "2132"]
[BlackElo "1991"]
[PlyCount "61"]
[EventDate "2019.04.21"]
[EventType "swiss (blitz)"]
[EventRounds "7"]
[EventCountry "TUN"]
[SourceTitle "EXT 2024"]
[Source "ChessBase"]
[SourceDate "2023.10.10"]
[SourceVersion "1"]
[SourceVersionDate "2023.10.10"]
[SourceQuality "1"]

1. e4 e6 2. d3 d5 3. Nd2 Nf6 4. Ngf3 c5 5. g3 Nc6 6. Bg2 Be7 7. 0-0 0-0 8. Re1 b5 9. e5 Nd7 10. Nf1 Rb8 11. h4 c4 12. Bf4 a5 13. Qd2 Re8 14. Ne3 Bb4 15. c3 Bf8 16. Rac1 Nc5 17. Bf1 Nxd3 18. Bxd3 cxd3 19. Qxd3 b4 20. Ng5 g6 21. Ng4 Bg7 22. c4 dxc4 23. Qxc4 Ne7 24. Ne4 Nd5 25. Red1 Bb7 26. Nef6+ Kh8 27. Bg5 Qc8 28. Nxe8 Qxe8 29. Nf6 Qa4 30. Rxd5 exd5 31. Qd3 1-0

[Event "Hammam Sousse Sahel Blitz op"]
[Site "Hammam Sousse"]
[Date "2019.04.21"]
[Round "1.7"]
[White "Ben Moussa, Rached"]
[Black "Ismail, Hassen"]
[Result "0-1"]
[WhiteElo "1799"]
[BlackElo "1991"]
[PlyCount "46"]
[EventDate "2019.04.21"]
[EventType "swiss (blitz)"]
[EventRounds "7"]
[EventCountry "TUN"]
[SourceTitle "EXT 2024"]
[Source "ChessBase"]
[SourceDate "2023.10.10"]
[SourceVersion "1"]
[SourceVersionDate "2023.10.10"]
[SourceQuality "1"]

1. e4 c5 2. Nf3 Nc6 3. d4 cxd4 4. Nxd4 e5 5. Nxc6 bxc6 6. Bd3 Nf6 7. 0-0 Bc5 8. h3 0-0 9. c4 h6 10. Nc3 Bb7 11. Qe2 a5 12. Be3 Qe7 13. b3 Bb4 14. Na4 d5 15. cxd5 cxd5 16. exd5 Nxd5 17. Nb6 Nxe3 18. fxe3 Rad8 19. Rad1 Bc5 20. Nc4 e4 21. Bb1 Ba6 22. Rxd8 Rxd8 23. Rc1 Qg5 0-1

[Event "Sousse Sahel op"]
[Site "Sousse"]
[Date "2019.04.21"]
[Round "4"]
[White "Ismail, Hassen"]
[Black "Ben Moussa, Rached"]
[Result "1-0"]
[WhiteElo "2012"]
[BlackElo "1688"]
[PlyCount "193"]
[EventDate "2019.04.19"]
[EventType "swiss"]
[EventRounds "9"]
[EventCountry "TUN"]
[SourceTitle "CBM 190 Extra"]
[Source "ChessBase"]
[SourceDate "2019.07.15"]
[SourceVersion "1"]
[SourceVersionDate "2019.07.15"]
[SourceQuality "1"]

1. e4 e6 2. Qe2 d5 3. exd5 Qxd5 4. Nc3 Qd8 5. g3 Nf6 6. Bg2 c6 7. Nf3 Nbd7 8. d4 Be7 9. 0-0 0-0 10. a3 Qc7 11. Re1 Nb6 12. Ne4 Nxe4 13. Qxe4 Bd7 14. Ne5 Rad8 15. Bf4 Nd5 16. Ng6 Nxf4 17. Nxe7+ Kh8 18. Qxf4 Qxf4 19. gxf4 Rfe8 20. Nxc6 Bxc6 21. Bxc6 bxc6 22. c3 Kg8 23. Kg2 Kf8 24. Re5 Rd5 25. Rae1 g6 26. Kf3 Ke7 27. Ke3 f6 28. Rxd5 cxd5 29. Kd3 Kd6 30. b4 Rc8 31. Rc1 Rc4 32. Rb1 e5 33. fxe5+ fxe5 34. f3 exd4 35. cxd4 Rc8 36. Re1 Rf8 37. Ke3 Re8+ 38. Kd2 Rf8 39. Rf1 Rf4 40. Ke3 g5 41. Rg1 h6 42. Rg4 Rf6 43. h4 gxh4 44. Rxh4 Ke7 45. Rh5 Rd6 46. Kf4 Kf7 47. Ke5 Ra6 48. Kxd5 Kg6 49. Rh4 Rxa3 50. f4 h5 51. Kc4 Rg3 52. Rh1 Rg4 53. f5+ Kg5 54. b5 h4 55. Kc5 Kxf5 56. d5 Kf6 57. d6 Ke6 58. Re1+ Kd7 59. Re7+ Kc8 60. Rxa7 Rg1 61. Rc7+ Kd8 62. b6 Rc1+ 63. Kb5 Rb1+ 64. Kc5 h3 65. Rh7 Rc1+ 66. Kd5 Rd1+ 67. Kc6 Rc1+ 68. Kb7 Rd1 69. Rxh3 Rxd6 70. Rc3 Rd2 71. Kb8 Rd1 72. b7 Ra1 73. Rd3+ Ke7 74. Rd2 Ra3 75. Rd5 Ke6 76. Kc7 Rc3+ 77. Kd8 Kxd5 78. b8Q Kd4 79. Kd7 Kd3 80. Kd6 Kc2 81. Ke5 Re3+ 82. Kd4 Rd3+ 83. Ke4 Rc3 84. Qb4 Rb3 85. Qa4 Kb2 86. Kd4 Rb8 87. Qa6 Rb4+ 88. Kd3 Rb3+ 89. Kd2 Rb8 90. Qf6+ Kb1 91. Qf5+ Ka2 92. Kc1 Rb4 93. Qd5+ Ka3 94. Kc2 Rc4+ 95. Kd3 Rc1 96. Kd2 Rc8 97. Qa5+ 1-0

[Event "Sousse Sahel op"]
[Site "Sousse"]
[Date "2019.04.20"]
[Round "2"]
[White "Ismail, Hassen"]
[Black "Khalfa, Mhamed"]
[Result "1/2-1/2"]
[WhiteElo "2012"]
[BlackElo "1760"]
[PlyCount "104"]
[EventDate "2019.04.19"]
[EventType "swiss"]
[EventRounds "9"]
[EventCountry "TUN"]
[SourceTitle "CBM 190 Extra"]
[Source "ChessBase"]
[SourceDate "2019.07.15"]
[SourceVersion "1"]
[SourceVersionDate "2019.07.15"]
[SourceQuality "1"]

1. e4 e5 2. Nf3 Nc6 3. Bc4 Nf6 4. d3 h6 5. 0-0 d6 6. h3 Na5 7. Nbd2 Nxc4 8. Nxc4 Be6 9. Ne3 g5 10. Nh2 Qd7 11. c4 Rg8 12. Nhg4 Nxg4 13. hxg4 Be7 14. Nf5 Bxf5 15. gxf5 0-0-0 16. Be3 f6 17. a3 g4 18. g3 h5 19. Kg2 Kb8 20. Rh1 Rh8 21. Rh4 Rh7 22. b4 c5 23. Qb3 Rdh8 24. Rah1 Qc6 25. R1h2 Bd8 26. Qd1 b6 27. Qh1 cxb4 28. axb4 b5 29. Rxh5 Rxh5 30. Rxh5 Rxh5 31. Qxh5 bxc4 32. Qxg4 cxd3 33. Kf3 d5 34. exd5 Qxd5+ 35. Qe4 Qb3 36. Kg2 Be7 37. Bd2 Qc2 38. Qe1 Kc7 39. Qe3 Kb7 40. g4 Qc4 41. f3 Bxb4 42. Bxb4 Qxb4 43. Qxd3 Qb2+ 44. Kg3 Qc1 45. Qd7+ Qc7 46. Qxc7+ Kxc7 47. Kf2 Kd6 48. Ke3 Kd5 49. f4 exf4+ 50. Kxf4 a5 51. g5 fxg5+ 52. Kxg5 a4 1/2-1/2

[Event "Sousse Sahel op"]
[Site "Sousse"]
[Date "2019.04.20"]
[Round "3"]
[White "Miladi, Amen"]
[Black "Ismail, Hassen"]
[Result "0-1"]
[WhiteElo "1681"]
[BlackElo "2012"]
[PlyCount "44"]
[EventDate "2019.04.19"]
[EventType "swiss"]
[EventRounds "9"]
[EventCountry "TUN"]
[SourceTitle "CBM 190 Extra"]
[Source "ChessBase"]
[SourceDate "2019.07.15"]
[SourceVersion "1"]
[SourceVersionDate "2019.07.15"]
[SourceQuality "1"]

1. e4 c5 2. Nf3 Nc6 3. d4 cxd4 4. Nxd4 e5 5. Nb5 a6 6. Nd6+ Bxd6 7. Qxd6 Qf6 8. Qd1 Qg6 9. Nc3 Nge7 10. Be3 d5 11. Nxd5 Nxd5 12. exd5 Nb4 13. Rc1 Bf5 14. c3 Nc2+ 15. Rxc2 Bxc2 16. Qd2 Rd8 17. c4 Ba4 18. Qc3 0-0 19. b3 Bd7 20. h4 Qb1+ 21. Bc1 Bf5 22. g4 Qe4+ 0-1

[Event "Monastir Moknine op-B"]
[Site "Monastir"]
[Date "2017.09.10"]
[Round "8"]
[White "Bouchamla, Alaa"]
[Black "Ismail, Hassen"]
[Result "1-0"]
[WhiteElo "1833"]
[BlackElo "1928"]
[PlyCount "119"]
[EventDate "2017.09.05"]
[EventType "swiss"]
[EventRounds "9"]
[EventCountry "TUN"]
[SourceTitle "EXT 2019"]
[Source "ChessBase"]
[SourceDate "2018.10.10"]
[SourceVersion "1"]
[SourceVersionDate "2018.10.10"]
[SourceQuality "1"]

1. e4 c5 2. Nf3 d6 3. c3 e6 4. d4 cxd4 5. cxd4 Be7 6. Bd3 Nf6 7. 0-0 0-0 8. Nc3 b6 9. Qc2 Ba6 10. Rd1 Bxd3 11. Rxd3 Qc7 12. Qe2 Rc8 13. e5 Ne8 14. Ng5 h6 15. Nh3 Nd7 16. Bf4 dxe5 17. dxe5 Nf8 18. Rad1 a6 19. Ne4 Qc4 20. Nd6 Nxd6 21. exd6 Bf6 22. Qe3 e5 23. Bxe5 Bxe5 24. d7 Nxd7 25. Rxd7 Bxb2 26. Qxb6 Qb5 27. Rd8+ Kh7 28. Qxb5 axb5 29. R8d7 b4 30. Rxf7 Rxa2 31. g3 Rc1 32. Rxc1 Bxc1 33. Rb7 Ra1 34. Kg2 Bd2 35. Nf4 Ra3 36. Ne6 Kg6 37. Nd4 Rd3 38. Nc6 Rb3 39. Nd4 Rb2 40. Rb6+ Kf7 41. Rb7+ Kf6 42. Rb6+ Ke5 43. Nf3+ Ke4 44. Nxd2+ Ke5 45. Rd6 Kxd6 46. Nc4+ Kc5 47. Nxb2 b3 48. Kf3 Kb4 49. Ke3 Kc3 50. Na4+ Kb4 51. Nb2 Kc3 52. Nd3 Kc4 53. Kd2 Kd4 54. f3 Kc4 55. Ke3 Kd5 56. h4 g5 57. f4 gxh4 58. gxh4 h5 59. Nb2 Ke6 60. Ke4 1-0

[Event "Monastir Moknine op-B"]
[Site "Monastir"]
[Date "2017.09.08"]
[Round "6"]
[White "Ismail, Hassen"]
[Black "Bahria, Mohamed Helmi"]
[Result "1-0"]
[WhiteElo "1928"]
[BlackElo "2076"]
[PlyCount "120"]
[EventDate "2017.09.05"]
[EventType "swiss"]
[EventRounds "9"]
[EventCountry "TUN"]
[SourceTitle "EXT 2019"]
[Source "ChessBase"]
[SourceDate "2018.10.10"]
[SourceVersion "1"]
[SourceVersionDate "2018.10.10"]
[SourceQuality "1"]

1. e4 c5 2. Nf3 d6 3. g3 Nf6 4. d3 g6 5. Bg2 Bg7 6. 0-0 0-0 7. Re1 Nc6 8. c3 Rb8 9. Nbd2 Nd7 10. Nf1 b5 11. d4 b4 12. Ne3 a5 13. d5 Nce5 14. Nxe5 Nxe5 15. f4 Nd7 16. c4 Ba6 17. Rb1 Bd4 18. b3 a4 19. Bb2 Bxb2 20. Rxb2 axb3 21. axb3 Bb7 22. Ra2 Ra8 23. Qa1 Qc7 24. Ree2 Rfb8 25. Ng4 f6 26. Ne3 Nb6 27. Rxa8 Rxa8 28. Ra2 Rxa2 29. Qxa2 Bc8 30. Kf2 Nd7 31. Bf3 Nf8 32. Qa8 Bd7 33. h4 Kg7 34. h5 Qc8 35. Qa7 Kf7 36. g4 gxh5 37. gxh5 h6 38. Kg3 Nh7 39. Bg4 Bxg4 40. Nxg4 Qg8 41. Kf3 Qg7 42. Qd7 Nf8 43. Qf5 Kg8 44. e5 fxe5 45. fxe5 dxe5 46. Nxe5 Qf6 47. Ke4 Qh4+ 48. Qg4+ Qxg4+ 49. Nxg4 Kg7 50. Ke5 Nh7 51. Ke6 Kf8 52. Nxh6 Ng5+ 53. Kd7 Ne4 54. Kc6 Kg7 55. Nf5+ Kf6 56. Nxe7 Kxe7 57. h6 Kf7 58. d6 Ng5 59. d7 Ke7 60. Kxc5 Ne6+ 1-0

[Event "TUN-chB"]
[Site "Hammamet"]
[Date "2016.10.19"]
[Round "7"]
[White "Ismail, Hassen"]
[Black "Chikhaoui, Walid"]
[Result "0-1"]
[WhiteElo "1931"]
[BlackElo "2211"]
[PlyCount "64"]
[EventDate "2016.10.15"]
[EventType "swiss"]
[EventRounds "9"]
[EventCountry "TUN"]
[SourceTitle "EXT 2018"]
[Source "ChessBase"]
[SourceDate "2017.10.13"]
[SourceVersion "1"]
[SourceVersionDate "2017.10.13"]
[SourceQuality "1"]

1. e4 c5 2. Nf3 e6 3. d3 Nc6 4. g3 d6 5. Bg2 Be7 6. c3 Nf6 7. 0-0 0-0 8. Re1 e5 9. h3 Re8 10. Nbd2 Rb8 11. Nf1 Bf8 12. g4 g6 13. Ng3 Bg7 14. Be3 b6 15. Qc2 Bb7 16. Rad1 Rc8 17. Qd2 Qc7 18. Bh6 Bxh6 19. Qxh6 Qe7 20. Nf5 gxf5 21. Nh4 Nd7 22. exf5 Qf8 23. Qh5 Nf6 24. Qg5+ Qg7 25. Qd2 h6 26. Re3 Kf8 27. Rg3 Qg5 28. Qxg5 hxg5 29. Nf3 Nh7 30. Nd2 Na5 31. Bxb7 Nxb7 32. c4 Red8 0-1